大乱闘スマッシュブラザーズXのボス - Statistics

General Stats
  • This quiz has been taken 130 times
  • The average score is 7 of 10
Answer Stats
Answer % Correct
タブー
85%
レックウザ
82%
ボスパックン
76%
リドリー
71%
マスターハンド
71%
クレイジーハンド
71%
ポーキー
64%
ガレオム
64%
メタリドリー
54%
デュオン
43%
No matching quizzes found
Score Distribution
Percent of People with Each Score
Percentile by Number Answered
Your Score History
You have not taken this quiz